|
|
|
|
| LEADER |
00000nam0a2200000 4500 |
| 001 |
357801 |
| 005 |
20231102011029.0 |
| 035 |
|
|
|a (RuTPU)RU\TPU\retro\15069
|
| 090 |
|
|
|a 357801
|
| 100 |
|
|
|a 20200810d1978 km y0rusy50 ca
|
| 101 |
0 |
|
|a rus
|
| 102 |
|
|
|a RU
|
| 105 |
|
|
|a a z 101zy
|
| 200 |
1 |
|
|a Процессы теплообмена в искусственных циркуляционных системах извлечения тепла Земли
|e материалы советско-американского научного семинара 1976 года
|f отв. ред. Ю. Д. Дядькин
|
| 210 |
|
|
|a Ленинград
|c [Б. и.]
|d 1978
|
| 215 |
|
|
|a 113 с.
|c ил.
|
| 320 |
|
|
|a Библиогр. в конце докл.
|
| 606 |
1 |
|
|a Геотермическая разведка
|2 stltpush
|3 (RuTPU)RU\TPU\subj\6237
|9 34169
|
| 606 |
1 |
|
|a Энергетика геотермальная
|2 stltpush
|3 (RuTPU)RU\TPU\subj\21213
|9 46237
|
| 610 |
1 |
|
|a тепло
|
| 610 |
1 |
|
|a Земля
|
| 610 |
1 |
|
|a извлечение
|
| 610 |
1 |
|
|a теплообмен
|
| 610 |
1 |
|
|a тепловая энергия
|
| 610 |
1 |
|
|a недра
|
| 610 |
1 |
|
|a горячие расплавы
|
| 610 |
1 |
|
|a циркуляционные системы
|
| 610 |
1 |
|
|a создание
|
| 610 |
1 |
|
|a технико-экономический анализ
|
| 610 |
1 |
|
|a семинары
|
| 675 |
|
|
|a 550.836(063)
|v 4
|
| 675 |
|
|
|a 620.92(063)
|v 4
|
| 702 |
|
1 |
|a Дядькин
|b Ю. Д.
|4 340
|
| 712 |
1 |
2 |
|a Процессы теплообмена в искусственных циркуляционных системах извлечения тепла Земли
|c семинар
|e Ленинград
|f 1976
|4 570
|
| 801 |
|
1 |
|a RU
|b 63413507
|c 20200810
|
| 801 |
|
2 |
|a RU
|b 63413507
|c 20210309
|g RCR
|
| 942 |
|
|
|c BK
|